Statistics for Guess 10 swedish footballers by image

Click here to take the quiz!

General Stats

  • This quiz has been taken 80 times
  • The average score is 7 of 10

Answer Stats

Answer% Correct
Zlatan Ibrahimović
99%
Alexander Isak
89%
Victor Lindelof
89%
Henrik Larsson
87%
Dejan Kulusevski
83%
Emil Forsberg
73%
Freddie Ljungberg
61%
Gunnar Nordahl
36%
Thomas Ravelli
26%
Niels Liedholm
14%

Score Distribution

Percentile by Number Answered

Percent of People with Each Score

Your Score History

You have not taken this quiz